Culture Générale - Série 196 - Statistiques

Statistiques générales
  • Ce quiz a été pris 268 fois
  • Le résultat moyen est 5 sur 10
Statistiques - réponses
Question Réponse % Correct
Quelle mythologie compte Artémis parmi ses divinités ? Grecque
90%
Quel est le nom du cheval de Lucky Luke ? Jolly Jumper
84%
A quel groupe doit-on le tube "Hey Jude" en 1968 ? Les Beatles
83%
Quel barbu grec chantait "Quand je t'aime" en 1987 ? Demis Roussos
71%
Combien de cartes faut-il pour jouer au bridge en début de partie ? 52
58%
Quel animal était Georges Marchais dans le "Bébête Show" ? Un cochon
43%
A qui doit-on le tube "I Just Called to Say I Love You" en 1984 ? Stevie Wonder
38%
De qui Marilyn Monroe est-elle amoureuse dans "Certains l'aiment chaud" réalisé par Billy Wilder en 1959 ? Tony Curtis
22%
Comment sont les amoureux chantés par Lio en 1980 ? Solitaires
19%
Quel est le prénom de la maman de "Ma sorcière bien-aimée" ? Endora
16%
Aucun quiz correspondant
Distribution des résultats
% des personnes avec chaque résultat
Percentile par nombre de réponses
Votre historique - résultats
Vous n’avez pas pris ce quiz